000 00856nam a2200253Ia 4500
003 OSt
005 20220927110408.0
006 a|||||r|||| 00| 0
007 ta
008 220926b |||||||| |||| 00| 0 eng d
024 _a61042
037 _cReports
040 _aRTL
_cRTL
_beng
041 _2eng
_aeng
082 _a"X64.2.N92t, N2/GD"
110 _aRESERVE BANK OF INDIA. Financial Companies ( Working Group On - ) (1992) (Chairman : A C Shash )
_9377564
245 0 _aFinancial companies report
260 _aBombay
_bReserve Bank Of India India
_c1992
300 _a118p
_ccm.
650 _aMoney Markets
_9351417
700 _aRESERVE BANK OF INDIA. Financial Companies ( Working Group On - ) (1992) (Chairman : A C Shash )
_9377565
942 _h"X64.2.N92t, N2/GD"
_cCC
999 _c696313
_d696313